Nghiên cứu khả năng hấp phụ chất màu bằng than hoạt tính chế tạo từ lõi ngô

Khảo sát các yếu tố ảnh hưởng đến quá trình chế tạo VLHP: quá trình hoạt hóa bằng axit H3PO4 (nồng độ axit, nhiệt độ ngâm mẫu, nhiệt độ nung mẫu), hoạt hóa bằng kiềm KOH (tỉ lệ mThan : mKOH, nhiệt độ nung mẫu); khảo sát các yếu tố ảnh hưởng đến hiệu suất hấp phụ chất màu của VLHP (pH, thời gian đạt...

Descripción completa

Guardado en:
Detalles Bibliográficos
Autor principal: Nguyễn Thị Thanh Huyền
Otros Autores: Giang Thị Kim Liên TS. (Hướng dẫn)
Formato: Libro
Lenguaje:Vietnamese
Publicado: Đà Nẵng Đại học Sư phạm, Đại học Đà Nẵng 2013
Materias:
Etiquetas: Agregar Etiqueta
Sin Etiquetas, Sea el primero en etiquetar este registro!
Thư viện lưu trữ: Mạng thư viện Đại học Đà Nẵng
LEADER 02157nam a2200373 4500
001 000018752
003 15187
005 20140103160154.0
008 131226s2013 viesd
041 |a vie 
082 1 4 |a 664.724  |b NG-H 
100 1 |a Nguyễn Thị Thanh Huyền 
245 1 0 |a Nghiên cứu khả năng hấp phụ chất màu bằng than hoạt tính chế tạo từ lõi ngô  |c Nguyễn Thị Thanh Huyền ; Giang Thị Kim Liên hướng dẫn  |k Khóa luận tốt nghiệp 
260 |a Đà Nẵng  |b Đại học Sư phạm, Đại học Đà Nẵng  |c 2013 
300 |a 45 tr.  |b Hình mh.  |c 29 cm.  |e Bản tóm tắt 
500 |a Khóa luận tốt nghiệp đại học. Chuyên ngành: Cử nhân Hóa phân tích - Môi trường 
520 |a Khảo sát các yếu tố ảnh hưởng đến quá trình chế tạo VLHP: quá trình hoạt hóa bằng axit H3PO4 (nồng độ axit, nhiệt độ ngâm mẫu, nhiệt độ nung mẫu), hoạt hóa bằng kiềm KOH (tỉ lệ mThan : mKOH, nhiệt độ nung mẫu); khảo sát các yếu tố ảnh hưởng đến hiệu suất hấp phụ chất màu của VLHP (pH, thời gian đạt cân bằng, tỉ lệ rắn : lỏng) và so sánh với than hoạt tính thị trường, từ đó rút ra nhận xét về khả năng hấp phụ chất màu của VLHP. 
650 0 4 |a Vật liệu hấp phụ  |v Khóa luận tốt nghiệp  |x Lõi ngô 
650 0 4 |a Lõi ngô  |v Khóa luận tốt nghiệp  |x Than hoạt tính 
653 |a Khoa Hóa 
653 |a Vật liệu hấp phụ 
653 |a Lõi ngô 
653 |a Than hoạt tính 
700 1 |a Giang Thị Kim Liên  |c TS.  |e Hướng dẫn 
OWN |a LSP 
AVA |a UDN50  |b LSP  |d 664.724 NG-H  |e available  |t Error 5001 Not defined in file expand_doc_bib_avail.  |f 1  |g 0  |h N  |i 0  |k 1 
999 |a From the UDN01 
AVA |a UDN50  |b LSP  |d 664.724 NG-H  |e available  |t Error 5001 Not defined in file expand_doc_bib_avail.  |f 1  |g 0  |h N  |i 0  |k 1 
TYP |a Monograph 
TYP |a Printed language 
980 |a Mạng thư viện Đại học Đà Nẵng